The organization of information

保存先:
書誌詳細
第一著者: Taylor, Arlene G.
フォーマット: 図書
言語:Undetermined
出版事項: Westport, CN LU 2004
主題:
タグ: タグ追加
タグなし, このレコードへの初めてのタグを付けませんか!
Thư viện lưu trữ: Trung tâm Học liệu Trường Đại học Cần Thơ
LEADER 00481nam a2200181Ia 4500
001 CTU_102885
008 210402s9999 xx 000 0 und d
082 |a 025 
082 |b T238 
100 |a Taylor, Arlene G. 
245 4 |a The organization of information 
245 0 |c Arlene G. Taylor 
260 |a Westport, CN 
260 |b LU 
260 |c 2004 
650 |a Information organization,Metadata 
904 |i Minh 
980 |a Trung tâm Học liệu Trường Đại học Cần Thơ